000 00943nam a2200301 i 4500
003 EG-GICUC
005 20260428200013.0
008 260428s2006 fr |||fr|||| 00| 0 fre d
020 _a224762016
040 _aEG-GiCUC
_bfre
_cEG-GiCUC
_dEG-GiCUC
_eRda
082 0 4 _221
_a343.3
_bCO
092 0 4 _221
099 _aLaw1 10 343.3 CO 2006
245 1 0 _aCode De Procédure Pénal.
250 _aQuarante-septième Édition
_bAnnotations De Jurisprudence Et Bibliographie
264 1 _aParis :
_bDalloz,
_c2006.
264 3 _bImpirmerie Jouve
300 _aVi - Lv, 2387 page ;
_c 24 cm.
336 _2rda contenu
_a texte
337 _2rda medias
_aOrdinateur
338 _2 transporteur rda
_a Ressource en ligne
650 1 _aDroit De Procédure Pénale
_2qrmak
650 1 _aDroit De Pénal
_2qrmak
651 1 _2qrmak
856 4 0 _uhttps://fll.law.cu.edu.eg/fulltext/bks/B10-10278.pdf
905 _a54
942 _2ddc
_cBK
_e21
_n0
999 _c73985
_d73985